| 000 | 01317nam a2200313 i 4500 | ||
|---|---|---|---|
| 001 | 114982 | ||
| 003 | ES-MaACL | ||
| 005 | 20251115063251.0 | ||
| 007 | t| | ||
| 008 | 070214s1928 sp a |||| | spa d | ||
| 080 | _a821.134.2-2"19" | ||
| 100 | 1 |
_aMuñoz Seca, Pedro, _d1881-1936 _984499 |
|
| 245 | 1 | 3 |
_aLa orgía dorada _b: revista en 19 cuadros / _cPedro Muñoz Seca, Pedro Pérez Fernández y Tomás Borrás ; música de los maestros Jacinto Guerrero y Julián Benlloch ; figurines de José de Zamora ; decorados de Fontanals, de Madrid, y Silva, de Río Janeiro ; dirección escénica de Eulogio Velasco. |
| 260 |
_aMadrid : _bRivadeneyra, _c1928. |
||
| 300 |
_a64 p. : _bil. ; _c18 cm. |
||
| 490 | 1 |
_aLa Farsa ; _vSuplemento, n. 2 |
|
| 500 | _aEstrenada en el Teatro de Price, de Madrid, el 23 de marzo de 1928. | ||
| 700 | 1 |
_aPérez Fernández, Pedro. _990862 |
|
| 700 | 1 |
_aBorrás, Tomás, _d1891-1976 _930556 |
|
| 700 | 1 |
_aGuerrero, Jacinto. _960551 |
|
| 700 | 1 |
_aBenlloch, Julián. _927718 |
|
| 700 | 1 |
_aZamora, José ( _d1889-1971) _9158716 |
|
| 700 | 1 |
_aFontanals i del Castillo, Joaquim. _9146893 |
|
| 700 | 1 |
_aSilva. _9106357 |
|
| 700 | 1 |
_aVelasco, Eulogio. _9113716 |
|
| 830 | 0 |
_aLa Farsa ; _vSuplemento, n. 2 _9185863 |
|
| 852 |
_aES-MaACL _jC-13224 |
||
| 999 |
_c114982 _d114982 |
||